000 00351nam a2200169Ia 4500
008 210210b xxu||||| |||| 00| 0 eng d
041 _aeng
082 _a550/3
100 _aDARWIN (Charles)
245 _aScott library
260 _aLondon
_b-
_c
300 _a278
650 _aScott
650 _alibrary
690 _aGeology
906 _a009936
999 _c128122
_d128122